| 000 | 00510nam a2200181Ia 4500 | ||
|---|---|---|---|
| 003 | IN-BaIIA | ||
| 008 | 211028s9999 xx 000 0 eng d | ||
| 040 | _cIIA Library | ||
| 080 |
_a52 _bSHA |
||
| 100 | _aShapley, Harlow | ||
| 245 | 4 |
_aThe view from a distant star _cHarlow Shapley |
|
| 260 |
_aNew York _bBasic Books _c1963 |
||
| 300 | _aix, 212p. | ||
| 650 |
_aAstronomy _980 |
||
| 650 | _aAstronomy and astrophysics thesaurus | ||
| 650 | _aStars | ||
| 942 | _cBK | ||
| 999 |
_c2275 _d2275 |
||